<?xml version="1.0" encoding="UTF-8"?>
<collection xmlns="http://www.loc.gov/MARC21/slim">
 <record>
  <leader>03321cam a2200577   4500</leader>
  <controlfield tag="001">1619331268</controlfield>
  <controlfield tag="003">DE-627</controlfield>
  <controlfield tag="005">20240216080239.0</controlfield>
  <controlfield tag="007">tu</controlfield>
  <controlfield tag="008">160413s2017    gw |||||      00| ||ger c</controlfield>
  <datafield tag="015" ind1=" " ind2=" ">
   <subfield code="a">15,N51</subfield>
   <subfield code="2">dnb</subfield>
  </datafield>
  <datafield tag="020" ind1=" " ind2=" ">
   <subfield code="a">9783422073555</subfield>
   <subfield code="c">Gb. : ca. EUR 51.30 (AT), ca. EUR 49.90 (DE)</subfield>
   <subfield code="9">978-3-422-07355-5</subfield>
  </datafield>
  <datafield tag="020" ind1=" " ind2=" ">
   <subfield code="a">3422073558</subfield>
   <subfield code="9">3-422-07355-8</subfield>
  </datafield>
  <datafield tag="024" ind1="3" ind2=" ">
   <subfield code="a">9783422073555</subfield>
  </datafield>
  <datafield tag="035" ind1=" " ind2=" ">
   <subfield code="a">(DE-627)1619331268</subfield>
  </datafield>
  <datafield tag="035" ind1=" " ind2=" ">
   <subfield code="a">(DE-576)467994668</subfield>
  </datafield>
  <datafield tag="035" ind1=" " ind2=" ">
   <subfield code="a">(DE-599)DNB1079862420</subfield>
  </datafield>
  <datafield tag="035" ind1=" " ind2=" ">
   <subfield code="a">(OCoLC)932684626</subfield>
  </datafield>
  <datafield tag="035" ind1=" " ind2=" ">
   <subfield code="a">(OCoLC)932684626</subfield>
  </datafield>
  <datafield tag="035" ind1=" " ind2=" ">
   <subfield code="a">(OCoLC)992473809</subfield>
  </datafield>
  <datafield tag="040" ind1=" " ind2=" ">
   <subfield code="a">DE-627</subfield>
   <subfield code="b">ger</subfield>
   <subfield code="c">DE-627</subfield>
   <subfield code="e">rda</subfield>
  </datafield>
  <datafield tag="041" ind1=" " ind2=" ">
   <subfield code="a">ger</subfield>
  </datafield>
  <datafield tag="044" ind1=" " ind2=" ">
   <subfield code="c">XA-DE-BE</subfield>
  </datafield>
  <datafield tag="082" ind1="0" ind2=" ">
   <subfield code="a">700</subfield>
  </datafield>
  <datafield tag="082" ind1="0" ind2="4">
   <subfield code="a">700</subfield>
   <subfield code="a">DNB</subfield>
  </datafield>
  <datafield tag="084" ind1=" " ind2=" ">
   <subfield code="a">KUNST</subfield>
   <subfield code="q">DE-16</subfield>
   <subfield code="2">fid</subfield>
  </datafield>
  <datafield tag="084" ind1=" " ind2=" ">
   <subfield code="a">LH 63435</subfield>
   <subfield code="2">rvk</subfield>
   <subfield code="0">(DE-625)rvk/94354:</subfield>
  </datafield>
  <datafield tag="111" ind1="2" ind2=" ">
   <subfield code="a">Julius Meier-Graefe (1867-1935) - Grenzgänger der Künste</subfield>
   <subfield code="g">Tagung</subfield>
   <subfield code="d">2015</subfield>
   <subfield code="c">Berlin</subfield>
   <subfield code="j">VerfasserIn</subfield>
   <subfield code="0">(DE-588)1135575169</subfield>
   <subfield code="0">(DE-627)89048452X</subfield>
   <subfield code="0">(DE-576)489816606</subfield>
   <subfield code="4">aut</subfield>
  </datafield>
  <datafield tag="245" ind1="1" ind2="0">
   <subfield code="a">Julius Meier-Graefe</subfield>
   <subfield code="b">Grenzgänger der Künste</subfield>
   <subfield code="c">hrsg. von Ingeborg Becker und Stephanie Marchal unter wissenschaftlicher Mitarbeit von Andreas Degner</subfield>
  </datafield>
  <datafield tag="264" ind1=" " ind2="1">
   <subfield code="a">Berlin</subfield>
   <subfield code="a">München</subfield>
   <subfield code="b">Deutscher Kunstverlag</subfield>
   <subfield code="c">[2017]</subfield>
  </datafield>
  <datafield tag="264" ind1=" " ind2="4">
   <subfield code="c">© 2017</subfield>
  </datafield>
  <datafield tag="300" ind1=" " ind2=" ">
   <subfield code="a">344 Seiten</subfield>
   <subfield code="b">Illustrationen</subfield>
   <subfield code="c">26 cm x 19.5 cm</subfield>
  </datafield>
  <datafield tag="336" ind1=" " ind2=" ">
   <subfield code="a">Text</subfield>
   <subfield code="b">txt</subfield>
   <subfield code="2">rdacontent</subfield>
  </datafield>
  <datafield tag="337" ind1=" " ind2=" ">
   <subfield code="a">ohne Hilfsmittel zu benutzen</subfield>
   <subfield code="b">n</subfield>
   <subfield code="2">rdamedia</subfield>
  </datafield>
  <datafield tag="338" ind1=" " ind2=" ">
   <subfield code="a">Band</subfield>
   <subfield code="b">nc</subfield>
   <subfield code="2">rdacarrier</subfield>
  </datafield>
  <datafield tag="500" ind1=" " ind2=" ">
   <subfield code="a">&quot;Anlässlich seines 80. Todesjahres wurde dem Kunstschriftsteller und Kunstvermittler im März 2015 in der Stiftung Brandenburger Tor im Max Liebermann Haus ein Symposium gewidmet, dessen Ergebnisse nun in diesem Band versammelt vorliegen. Die Tagung 'Julius Meier-Graefe (1867-1935) - Grenzgänger der Künste' ... &quot; (Vorwort)</subfield>
  </datafield>
  <datafield tag="583" ind1="1" ind2=" ">
   <subfield code="a">Archivierung/Langzeitarchivierung gewährleistet</subfield>
   <subfield code="f">FID</subfield>
   <subfield code="2">pdager</subfield>
   <subfield code="5">DE-16</subfield>
  </datafield>
  <datafield tag="655" ind1=" " ind2="7">
   <subfield code="a">Konferenzschrift</subfield>
   <subfield code="y">2015</subfield>
   <subfield code="z">Berlin</subfield>
   <subfield code="0">(DE-588)1071861417</subfield>
   <subfield code="0">(DE-627)826484824</subfield>
   <subfield code="0">(DE-576)433375485</subfield>
   <subfield code="2">gnd-content</subfield>
  </datafield>
  <datafield tag="655" ind1=" " ind2="7">
   <subfield code="a">Festschrift</subfield>
   <subfield code="0">(DE-588)4016928-5</subfield>
   <subfield code="0">(DE-627)104400986</subfield>
   <subfield code="0">(DE-576)208917802</subfield>
   <subfield code="2">gnd-content</subfield>
  </datafield>
  <datafield tag="689" ind1="0" ind2="0">
   <subfield code="d">p</subfield>
   <subfield code="0">(DE-588)118732641</subfield>
   <subfield code="0">(DE-627)137864167</subfield>
   <subfield code="0">(DE-576)162186134</subfield>
   <subfield code="a">Meier-Graefe, Julius</subfield>
   <subfield code="d">1867-1935</subfield>
   <subfield code="2">gnd</subfield>
  </datafield>
  <datafield tag="689" ind1="0" ind2=" ">
   <subfield code="5">DE-101</subfield>
  </datafield>
  <datafield tag="700" ind1="1" ind2=" ">
   <subfield code="a">Becker, Ingeborg</subfield>
   <subfield code="d">1947-</subfield>
   <subfield code="e">HerausgeberIn</subfield>
   <subfield code="0">(DE-588)130493961</subfield>
   <subfield code="0">(DE-627)50259294X</subfield>
   <subfield code="0">(DE-576)298229668</subfield>
   <subfield code="4">edt</subfield>
  </datafield>
  <datafield tag="700" ind1="1" ind2=" ">
   <subfield code="a">Marchal, Stephanie</subfield>
   <subfield code="d">1980-</subfield>
   <subfield code="e">HerausgeberIn</subfield>
   <subfield code="0">(DE-588)134113853</subfield>
   <subfield code="0">(DE-627)584064918</subfield>
   <subfield code="0">(DE-576)300320612</subfield>
   <subfield code="4">edt</subfield>
  </datafield>
  <datafield tag="700" ind1="1" ind2=" ">
   <subfield code="a">Meier-Graefe, Julius</subfield>
   <subfield code="d">1867-1935</subfield>
   <subfield code="e">GefeierteR</subfield>
   <subfield code="0">(DE-588)118732641</subfield>
   <subfield code="0">(DE-627)137864167</subfield>
   <subfield code="0">(DE-576)162186134</subfield>
   <subfield code="4">hnr</subfield>
  </datafield>
  <datafield tag="787" ind1="0" ind2="8">
   <subfield code="i">Rezensiert in</subfield>
   <subfield code="a">Zeeb, Reiner</subfield>
   <subfield code="t">[Rezension von: Ingeborg Becker, Stephanie Marchal (Hrsg.), Julius Meier-Graefe, Grenzgänger der Künste]</subfield>
   <subfield code="d">2018</subfield>
   <subfield code="w">(DE-627)1787112020</subfield>
  </datafield>
  <datafield tag="856" ind1="4" ind2="2">
   <subfield code="u">http://d-nb.info/1079862420/04</subfield>
   <subfield code="m">B:DE-101</subfield>
   <subfield code="q">application/pdf</subfield>
   <subfield code="3">Inhaltsverzeichnis</subfield>
  </datafield>
  <datafield tag="936" ind1="r" ind2="v">
   <subfield code="a">LH 63435</subfield>
   <subfield code="b">Meier-Graefe, Julius</subfield>
   <subfield code="k">Kunstgeschichte</subfield>
   <subfield code="k">Allgemeines. Allgemeine Kunstgeschichte</subfield>
   <subfield code="k">Geschichte der Kunstwissenschaft</subfield>
   <subfield code="k">Schriften über Kunsthistoriker</subfield>
   <subfield code="k">Einzeldarstellungen (Autobiografien,Biografien, Festansprachen, Leichenreden, Nachrufe u. dergl.)</subfield>
   <subfield code="k">Namen M</subfield>
   <subfield code="k">Meier-Graefe, Julius</subfield>
   <subfield code="0">(DE-627)1270919245</subfield>
   <subfield code="0">(DE-625)rvk/94354:</subfield>
   <subfield code="0">(DE-576)200919245</subfield>
  </datafield>
  <datafield tag="951" ind1=" " ind2=" ">
   <subfield code="a">BO</subfield>
  </datafield>
  <datafield tag="990" ind1=" " ind2=" ">
   <subfield code="a">Meier-Graefe, Julius</subfield>
  </datafield>
  <datafield tag="991" ind1=" " ind2=" ">
   <subfield code="a">Rezensiertes Werk</subfield>
  </datafield>
  <datafield tag="999" ind1=" " ind2=" ">
   <subfield code="a">KXP-PPN1619331268</subfield>
   <subfield code="e">4108033108</subfield>
  </datafield>
 </record>
</collection>
